The noble scholar, jurist, historian


 His Excellency Dr. Abdul Wahhab bin Ibrahim Abu Sulaiman, may Allah have mercy on him.


 He was born in Umm Al-Qura in the year 1356 AH.

العرب وعصر المعلومات / (Record no. 2752)

MARC details
000 -LEADER
fixed length control field 03146cam a2200373 i 4500
003 - CONTROL NUMBER IDENTIFIER
control field SA-RiAUC
005 - DATE AND TIME OF LATEST TRANSACTION
control field 20241125063827.0
008 - FIXED-LENGTH DATA ELEMENTS--GENERAL INFORMATION
fixed length control field 241124s1994 ku ak g f00010 ara c
024 0# - OTHER STANDARD IDENTIFIER
Standard number or code 00000000872697
024 0# - OTHER STANDARD IDENTIFIER
Standard number or code 00000000873174
040 ## - CATALOGING SOURCE
Original cataloging agency CSAD
Language of cataloging ara
Transcribing agency SA-RiAUC
Modifying agency AE-DuMBRL
Description conventions rda
043 ## - GEOGRAPHIC AREA CODE
Geographic area code ma-----
050 #4 - LIBRARY OF CONGRESS CALL NUMBER
Item number A45 1994
082 04 - DEWEY DECIMAL CLASSIFICATION NUMBER
Classification number 303.4
Assigning agency SA-RiAUC
090 ## - LOCALLY ASSIGNED LC-TYPE CALL NUMBER (OCLC); LOCAL CALL NUMBER (RLIN)
Classification number (OCLC) (R) ; Classification number, CALL (RLIN) (NR) 303.4
Local cutter number (OCLC) ; Book number/undivided call number, CALL (RLIN) ع ل ي
100 1# - MAIN ENTRY--PERSONAL NAME
Personal name علي، نبيل،
Dates associated with a name 1938-2016
Relator term مؤلف.
245 12 - TITLE STATEMENT
Title العرب وعصر المعلومات /
Statement of responsibility, etc. تأليف نبيل علي.
264 #1 - PRODUCTION, PUBLICATION, DISTRIBUTION, MANUFACTURE, AND COPYRIGHT NOTICE
Place of production, publication, distribution, manufacture الكويت :
Name of producer, publisher, distributor, manufacturer المجلس الوطني للثقافة والفنون والآداب،
Date of production, publication, distribution, manufacture, or copyright notice 1994.
264 #3 - PRODUCTION, PUBLICATION, DISTRIBUTION, MANUFACTURE, AND COPYRIGHT NOTICE
Place of production, publication, distribution, manufacture الكويت :
Name of producer, publisher, distributor, manufacturer مطابع السياسة
300 ## - PHYSICAL DESCRIPTION
Extent 464 صفحة :
Other physical details أشكال، جداول ؛
Dimensions 21 × 14 سم.
336 ## - CONTENT TYPE
Content type term نص
Content type code txt
Source rdacontent
Materials specified كتاب
337 ## - MEDIA TYPE
Media type term بدون وسيط
Media type code n
Source rdamedia
338 ## - CARRIER TYPE
Carrier type term مجلد
Carrier type code nc
Source rdacarrier
490 1# - SERIES STATEMENT
Series statement عالم المعرفة ؛
Volume/sequential designation 184
500 ## - GENERAL NOTE
General note المشرف العام : د. سليمان العسكري ؛ هيئة التحرير : د. فؤاد زكريا، د. خليفة الوقيان، د. سليمان البدر، د. سليمان الشطي، د. سهام الفريح، عبد الرازق البصير، د. فهد الثاقب، د. محمد الرميحي ؛ سكرتيرة التحرير : سحر الهنيدي.
504 ## - BIBLIOGRAPHY, ETC. NOTE
Bibliography, etc. note ببليوجرافية : صفحة 439-448.
520 ## - SUMMARY, ETC.
Summary, etc. يتناول كتاب (العرب وعصر المعلومات) للدكتور (نبيل علي) الحديث عن موقع الأمة العربية إزاء التحديات الجسام التي يطرحها عصر المعلومات، هذه القضية يعتبرها الدكتور نبيل علي سؤالا محوريا وإلى الإجابة عنها. ويجيب المؤلف في هذا الكتاب على سؤال محوري وهو : ما موقف أمتنا العربية إزاء التحديات الجسام التي يطرحها عصر المعلومات ؟ والكتاب ليس بالمرة كتابا في التبسيط العلمي لبعض الجوانب الفنية في مجال الكمبيوتر ونظم المعلومات، لكنه يقدم العديد من المفاهيم المحورية والتوجهات الرئيسية لتكنولوجيا المعلومات بمنأى عن كومفلاج المصطلحات ومتاهات التفاصيل الفنية، ويركز على مغزى هذه التوجهات بالنسبة لنا نحن العرب، وكيفية توطين هذه التكنولوجيا الوافدة في تربتنا العربية.
650 #7 - SUBJECT ADDED ENTRY--TOPICAL TERM
Topical term or geographic name entry element تقنية المعلومات
General subdivision جوانب اجتماعية
Geographic subdivision البلاد العربية
Source of heading or term aucsh
650 #7 - SUBJECT ADDED ENTRY--TOPICAL TERM
Topical term or geographic name entry element الحاسبات الإلكترونية
Geographic subdivision البلاد العربية
Source of heading or term aucsh
650 #7 - SUBJECT ADDED ENTRY--TOPICAL TERM
Topical term or geographic name entry element وسائل الإعلام
General subdivision جوانب اجتماعية
Geographic subdivision البلاد العربية
Source of heading or term aucsh
830 #0 - SERIES ADDED ENTRY--UNIFORM TITLE
Uniform title عالم المعرفة (المجلس الوطني للثقافة والفنون والآداب)
Volume/sequential designation 184
942 ## - ADDED ENTRY ELEMENTS (KOHA)
Source of classification or shelving scheme Dewey Decimal Classification
Koha item type Books
Suppress in OPAC No
949 ## - LOCAL PROCESSING INFORMATION (OCLC)
a SA-JeALM
d 241124
u mohamedma123
n 1
Holdings
Withdrawn status Lost status Source of classification or shelving scheme Damaged status Not for loan Home library Current library Date acquired Total checkouts Full call number Barcode Date last seen Price effective from Koha item type
    Dewey Decimal Classification     DR AbdElwahab Library DR AbdElwahab Library 11/25/2024   303.4 ع ل ي 000004274 11/25/2024 11/25/2024 Books